000 00482cam a2200181ua 4500
020 _a81-7024-028-X
_c75.00
041 _aeng
_h
082 _a665.776
_bVEE/BI
100 _aVeena, D R .
245 _aBio-gas technology: A study of community bio-gas plant /
_cD R Veena.
_hTextual Documents
250 _a1 /
_b.
260 _aNew Delhi :
_bAshish Publishing House ,
_c1986.
300 _a94 ; .
365 _a75.00
504 _a
942 _cBK
999 _c9691
_d9691